[Event "7th European Individual Senior Champion."]
[Site "Hockenheim, Germany"]
[Date "2007.06.03"]
[Round "2.13"]
[White "Mesiarik, Rudolf"]
[Black "Rotstein, Efim"]
[Result "0-1"]
[WhiteElo "2167"]
[BlackElo "2371"]
[PlyCount "78"]
[EventDate "2007.??.??"]

1. Nf3 f5 2. e4 fxe4 3. Ng5 Nf6 4. d3 d5 5. dxe4 h6 6. e5 hxg5 7. exf6 exf6 8.
Bd3 Be6 9. O-O Qd6 10. g3 Nd7 11. Bg6+ Kd8 12. Bh5 Ne5 13. Be2 Qd7 14. Nd2 c6
15. Nf3 Nxf3+ 16. Bxf3 Bc5 17. c3 Kc7 18. b4 Bb6 19. a4 a6 20. Re1 Rae8 21. Be3
Bxe3 22. Rxe3 Bf5 23. Qd4 Rxe3 24. fxe3 Be4 25. Bd1 Qf5 26. Ra2 Qe5 27. Qd2 Re8
28. Be2 Bg6 29. Kf2 Qf5+ 30. Kg1 Qb1+ 31. Bf1 Bd3 32. Qxd3 Qxa2 33. a5 Re4 34.
h3 Qb2 35. Bg2 Qc1+ 36. Kh2 Rxe3 37. Qd4 Qxc3 38. Qb6+ Kc8 39. Qa7 Qe5 0-1

[Event "7th European Individual Senior Champion."]
[Site "Hockenheim, Germany"]
[Date "2007.06.03"]
[Round "2.14"]
[White "Villing, Dieter"]
[Black "Khanukov, Boris"]
[Result "0-1"]
[WhiteElo "2160"]
[BlackElo "2358"]
[PlyCount "37"]
[EventDate "2007.??.??"]

1. e4 c5 2. f4 Nc6 3. Nf3 g6 4. Bb5 Bg7 5. O-O d6 6. Bxc6+ bxc6 7. Nc3 Nf6 8.
d3 O-O 9. Qe1 Ne8 10. f5 gxf5 11. Qg3 Kh8 12. Qh4 f6 13. Qh5 fxe4 14. Nxe4 Be6
15. Bh6 Bf7 16. Qh4 Bg6 17. Rae1 e5 18. Ned2 Qe7 19. Qh3 {
rest der partie unleserlich} 0-1

[Event "7th European Individual Senior Champion."]
[Site "Hockenheim, Germany"]
[Date "2007.06.03"]
[Round "2.15"]
[White "Arkhangelsky, Boris"]
[Black "Brondum, Eric"]
[Result "1/2-1/2"]
[WhiteElo "2355"]
[BlackElo "2164"]
[PlyCount "50"]
[EventDate "2007.??.??"]

1. d4 Nf6 2. c4 g6 3. Nc3 Bg7 4. e4 d6 5. Be2 O-O 6. Nf3 e5 7. O-O Nc6 8. d5
Ne7 9. Bg5 Nh5 10. g3 f6 11. Bd2 f5 12. exf5 Bxf5 13. Ng5 Nf6 14. f3 c6 15. Be3
h6 16. Nge4 c5 17. g4 Nxe4 18. fxe4 Bd7 19. g5 Kh7 20. Rxf8 Qxf8 21. Bg4 Qc8
22. Bxd7 Qxd7 23. Qe2 Rf8 24. Rf1 Rxf1+ 25. Qxf1 Ng8 1/2-1/2

[Event "7th European Individual Senior Champion."]
[Site "Hockenheim, Germany"]
[Date "2007.06.03"]
[Round "2.16"]
[White "Bondick, Karl-Heinz"]
[Black "Kremenietsky, Anatoly M"]
[Result "0-1"]
[WhiteElo "2158"]
[BlackElo "2353"]
[PlyCount "46"]
[EventDate "2007.??.??"]

1. d4 Nf6 2. f3 d5 3. e4 dxe4 4. Nc3 exf3 5. Nxf3 Bg4 6. h3 Bxf3 7. Qxf3 c6 8.
Be3 e6 9. O-O-O Nbd7 10. Bd3 Nd5 11. Rhf1 N7f6 12. Bd2 Nxc3 13. Bxc3 Qd5 14.
Qf2 Qxa2 15. d5 O-O-O 16. Bxf6 gxf6 17. Qxf6 Rg8 18. dxc6 Bg7 19. cxb7+ Kb8 20.
Qf4+ e5 21. Qh4 Rd6 22. Kd2 e4 23. Ra1 Qxb2 0-1

[Event "7th European Individual Senior Champion."]
[Site "Hockenheim, Germany"]
[Date "2007.06.03"]
[Round "2.18"]
[White "Gruzmann, Boris"]
[Black "Van Oosten, Arend"]
[Result "1-0"]
[WhiteElo "2309"]
[BlackElo "2155"]
[PlyCount "53"]
[EventDate "2007.??.??"]

1. e4 e6 2. d4 d5 3. e5 c5 4. c3 Nc6 5. Nf3 Bd7 6. a3 f6 7. Bd3 c4 8. Bc2 f5 9.
O-O Be7 10. a4 h6 11. b3 cxb3 12. Bxb3 Na5 13. Ba2 Rc8 14. Nfd2 g5 15. Re1 Kf8
16. Bb2 Qe8 17. Qf3 g4 18. Qd3 b5 19. Bxd5 bxa4 20. Qa6 exd5 21. Qxa5 Bc6 22.
c4 Qd8 23. Qxd8+ Rxd8 24. cxd5 Rxd5 25. Rc1 Bd7 26. Rc4 Rb5 27. Bc3 1-0

[Event "7th European Individual Senior Champion."]
[Site "Hockenheim, Germany"]
[Date "2007.06.03"]
[Round "2.19"]
[White "Kripp, Wolfgang"]
[Black "Ljubarskij, Jurij"]
[Result "0-1"]
[WhiteElo "2146"]
[BlackElo "2301"]
[PlyCount "58"]
[EventDate "2007.??.??"]

1. e4 e5 2. Nf3 Nc6 3. Bc4 Bc5 4. c3 Nf6 5. d4 exd4 6. cxd4 Bb4+ 7. Nc3 Nxe4 8.
O-O Bxc3 9. d5 Ba5 10. Qc2 Qe7 11. dxc6 dxc6 12. a3 Bf5 13. Bd3 O-O-O 14. b4
Bb6 15. Bb2 Rxd3 16. Qxd3 Ng3 17. Qb3 Nxf1 18. Rxf1 Be6 19. Qc3 f6 20. a4 a6
21. Ba3 Qd7 22. b5 axb5 23. Bc5 Bc4 24. Bxb6 Bxf1 25. Qa5 cxb6 26. Qa8+ Kc7 27.
Qxh8 Be2 28. h3 Bxf3 29. gxf3 bxa4 0-1

[Event "7th European Individual Senior Champion."]
[Site "Hockenheim, Germany"]
[Date "2007.06.03"]
[Round "2.20"]
[White "Werner, Clemens"]
[Black "Sorokina, Tamara"]
[Result "1-0"]
[WhiteElo "2295"]
[BlackElo "2145"]
[PlyCount "117"]
[EventDate "2007.??.??"]

1. e4 c5 2. c3 d5 3. exd5 Qxd5 4. d4 e6 5. Nf3 Nf6 6. Be3 cxd4 7. cxd4 Nc6 8.
Nc3 Qd8 9. a3 Be7 10. Bd3 O-O 11. O-O b6 12. Qc2 Bb7 13. Rad1 Rc8 14. Rfe1 g6
15. Qe2 Nd5 16. Nxd5 exd5 17. Bb5 Bf6 18. Qd2 Bg7 19. Bh6 a6 20. Bxc6 Rxc6 21.
Rc1 Rxc1 22. Qxc1 Qd7 23. Bxg7 Kxg7 24. Qe3 Rc8 25. h3 Rc7 26. Ne5 Qe6 27. Qd2
Re7 28. Re3 Qd6 29. Rc3 Qe6 30. Qf4 f6 31. Nf3 g5 32. Qb8 Qd7 33. Kh2 Kg6 34.
Qg3 Bc6 35. Qb8 Bb7 36. b3 Qe6 37. Re3 Qf7 38. Qd6 Rxe3 39. fxe3 Kf5 40. Nd2 b5
41. Kg1 h5 42. Kf2 Kg6 43. Nf3 Kg7 44. h4 g4 45. Nd2 Bc8 46. b4 Bf5 47. Nb3 g3+
48. Qxg3+ Bg4 49. Nc5 Qg6 50. Qc7+ Kh6 51. Qd6 Qf5+ 52. Qf4+ Qxf4+ 53. exf4 Bc8
54. f5 Kg7 55. Ke3 Kh6 56. Ne6 Kh7 57. Nf4 Bxf5 58. Nxh5 Be6 59. Nxf6+ 1-0

[Event "7th European Individual Senior Champion."]
[Site "Hockenheim, Germany"]
[Date "2007.06.03"]
[Round "2.21"]
[White "Kock, Hans-Uwe"]
[Black "Neese, Hans-Joachim"]
[Result "0-1"]
[WhiteElo "2137"]
[BlackElo "2287"]
[PlyCount "92"]
[EventDate "2007.??.??"]

1. d4 Nf6 2. c4 e6 3. Nf3 d5 4. e3 Nbd7 5. Nc3 c6 6. Qc2 Be7 7. b3 b6 8. Bb2
Bb7 9. Bd3 Rc8 10. O-O O-O 11. Qe2 c5 12. Rac1 Ne4 13. Rfd1 f5 14. Ne5 cxd4 15.
exd4 Nxe5 16. dxe5 Qe8 17. Bxe4 fxe4 18. cxd5 exd5 19. Nxd5 Bc5 20. Ne3 Rf7 21.
Qg4 h5 22. Qg5 Ba6 23. Rxc5 bxc5 24. Nf5 Qe6 25. Nd6 Rd7 26. Re1 Rc6 27. Nxe4
Qg6 28. Qxg6 Rxg6 29. Nxc5 Rd2 30. Bc3 Rxa2 31. e6 Bb5 32. Rd1 Rc2 33. Bd4 Rg5
34. b4 Rd5 35. f3 Rc4 36. Nb3 Rxb4 37. Ra1 Rxb3 38. Bxa7 Re5 39. Bd4 Rxe6 40.
Ra8+ Kh7 41. Ra7 Rb1+ 42. Kf2 Rf1+ 43. Kg3 Rg6+ 44. Kh3 Rd1 45. Be5 Bf1 46. Bg3
Rd2 0-1

[Event "7th European Individual Senior Champion."]
[Site "Hockenheim, Germany"]
[Date "2007.06.03"]
[Round "2.22"]
[White "Fronczek, Heinrich"]
[Black "Serra Olives, Tomas"]
[Result "1-0"]
[WhiteElo "2285"]
[BlackElo "2138"]
[PlyCount "41"]
[EventDate "2007.??.??"]

1. d4 Nf6 2. g3 e6 3. Bg2 c5 4. Nf3 Nc6 5. O-O d5 6. c4 dxc4 7. Ne5 Nxe5 8.
dxe5 Qxd1 9. Rxd1 Nd7 10. Na3 Be7 11. Nxc4 Rb8 12. Bf4 b6 13. Bc6 b5 14. Nd6+
Bxd6 15. Rxd6 Ke7 16. Rad1 Nb6 17. Be3 f6 18. Bxc5 Kf7 19. Rd8 Rxd8 20. Rxd8
Nc4 21. Be8+ 1-0

[Event "7th European Individual Senior Champion."]
[Site "Hockenheim, Germany"]
[Date "2007.06.03"]
[Round "2.23"]
[White "Schmoll, Heinz"]
[Black "Rosen, Willy"]
[Result "0-1"]
[WhiteElo "2133"]
[BlackElo "2279"]
[PlyCount "70"]
[EventDate "2007.??.??"]

1. e4 c5 2. Nf3 Nc6 3. d4 cxd4 4. Nxd4 Qb6 5. Nb3 Nf6 6. Nc3 e6 7. Bg5 Be7 8.
Be3 Qc7 9. Be2 a6 10. a4 b6 11. f4 d6 12. O-O Bb7 13. Bf3 O-O 14. g4 Rfe8 15.
g5 Nd7 16. Bg2 Nb4 17. Rf2 Rac8 18. Rd2 Nc5 19. Nd4 Bf8 20. Nde2 d5 21. e5 Ne4
22. Nxe4 dxe4 23. c3 Nd5 24. Bd4 Bc5 25. Qb1 Ne3 26. Bxe4 Nc4 27. Bxh7+ Kf8 28.
Bxc5+ bxc5 29. Rd3 Qc6 30. Rg3 Nd2 31. Qa2 Qh1+ 32. Kf2 Qxh2+ 33. Ke3 Bd5 34.
b3 Nxb3 35. c4 Bxc4 0-1

[Event "7th European Individual Senior Champion."]
[Site "Hockenheim, Germany"]
[Date "2007.06.03"]
[Round "2.24"]
[White "Rosino, Antonio"]
[Black "Fahnenschmidt, Gerhard Dr"]
[Result "0-1"]
[WhiteElo "2275"]
[BlackElo "2134"]
[PlyCount "80"]
[EventDate "2007.??.??"]

1. e4 c5 2. c3 Nf6 3. e5 Nd5 4. d4 cxd4 5. Nf3 Nc6 6. cxd4 d6 7. Bc4 Nb6 8. Bb3
dxe5 9. dxe5 Qxd1+ 10. Bxd1 Bg4 11. O-O g6 12. Bf4 Bg7 13. Nc3 O-O 14. Re1 Nd7
15. Rb1 Rad8 16. h3 Bxf3 17. Bxf3 Ndxe5 18. Bxe5 Nxe5 19. Bxb7 Rd2 20. Ne4 Rc2
21. Rec1 Rxc1+ 22. Rxc1 Nd3 23. Rc7 f5 24. Bd5+ Kh8 25. Ng5 Bf6 26. Ne6 Rb8 27.
Rxa7 Nxb2 28. a4 h5 29. a5 Rb5 30. Bc6 Re5 31. Ra8+ Kh7 32. Nf8+ Kh6 33. Nd7
Re1+ 34. Kh2 Bd4 35. f4 h4 36. g4 Nd3 37. gxf5 Nxf4 38. Bf3 Bg1+ 39. Kh1 Bf2+
40. Kh2 Bg3# 0-1

[Event "7th European Individual Senior Champion."]
[Site "Hockenheim, Germany"]
[Date "2007.06.03"]
[Round "2.25"]
[White "Skara, Milenko"]
[Black "Fatalibekova, Elena"]
[Result "1/2-1/2"]
[WhiteElo "2092"]
[BlackElo "2273"]
[PlyCount "85"]
[EventDate "2007.??.??"]

1. e4 c5 2. Nf3 Nc6 3. d4 cxd4 4. Nxd4 g6 5. Nc3 Bg7 6. Be3 Nf6 7. Bc4 O-O 8.
Bb3 d6 9. h3 Bd7 10. O-O Nxd4 11. Bxd4 Bc6 12. e5 dxe5 13. Bxe5 b5 14. Qxd8
Rfxd8 15. Rfd1 Kf8 16. Ne2 a6 17. c3 Bh6 18. Nd4 Bb7 19. Bxf6 exf6 20. a4 bxa4
21. Bxa4 Rac8 22. Bc2 f5 23. Bd3 Rd6 24. Nc2 Rcd8 25. Be2 Rd2 26. Rxd2 Rxd2 27.
Nd4 Rxb2 28. Bxa6 Bxa6 29. Rxa6 Bd2 30. Rc6 Be1 31. Nf3 Bxf2+ 32. Kf1 Be3 33.
Ne5 Rf2+ 34. Ke1 Rxg2 35. c4 Ke7 36. c5 Rc2 37. Rc7+ Ke6 38. Nxf7 Rxc5 39. Nd8+
Ke5 40. Re7+ Kf4 41. Ne6+ Kg3 42. Nxc5 Bxc5 43. Rxh7 1/2-1/2

[Event "7th European Individual Senior Champion."]
[Site "Hockenheim, Germany"]
[Date "2007.06.03"]
[Round "2.26"]
[White "Schippan, Bernd"]
[Black "Dydy, Kaplan"]
[Result "1-0"]
[WhiteElo "2266"]
[BlackElo "2127"]
[PlyCount "97"]
[EventDate "2007.??.??"]

1. e4 e5 2. Nf3 Nf6 3. Nxe5 d6 4. Nf3 Nxe4 5. d3 Nf6 6. d4 d5 7. Bd3 Be7 8. O-O
Ne4 9. Re1 Bf5 10. c4 c6 11. cxd5 cxd5 12. Qb3 Nc6 13. Nc3 Nb4 14. Bxe4 dxe4
15. Nxe4 O-O 16. a3 Be6 17. Qd1 Nc6 18. Neg5 Bf5 19. d5 Na5 20. Ne4 Nc4 21. b3
Nd6 22. Ng3 Bf6 23. Ra2 Bb1 24. Rae2 Nb5 25. Bb2 Bxb2 26. Rxb2 Bg6 27. Rd2 Qa5
28. a4 Nc3 29. Qa1 f6 30. d6 Rad8 31. Re3 Nd5 32. b4 Nxb4 33. Re7 Qc5 34. Rc7
Qb6 35. a5 Qb5 36. Qd4 Nc6 37. Qe3 Rfe8 38. Qa3 Qxa5 39. Qb3+ Kh8 40. Rxb7 Ne5
41. Rd1 Nxf3+ 42. gxf3 h5 43. Rb5 Qa6 44. d7 Re7 45. Rb8 Qa5 46. Rxd8+ Qxd8 47.
Qb7 Rf7 48. h4 Kh7 49. Qxa7 1-0

[Event "7th European Individual Senior Champion."]
[Site "Hockenheim, Germany"]
[Date "2007.06.03"]
[Round "2.27"]
[White "Davydov, Mikhail"]
[Black "Ivanets, Vladimir"]
[Result "0-1"]
[WhiteElo "2082"]
[BlackElo "2261"]
[PlyCount "100"]
[EventDate "2007.??.??"]

1. e4 c5 2. Nf3 Nc6 3. Bb5 Na5 4. O-O a6 5. Be2 Nc6 6. d4 cxd4 7. Nxd4 Qc7 8.
c4 e6 9. Nc3 Nf6 10. Nc2 b6 11. Bg5 Be7 12. Qd2 Bb7 13. Bf4 d6 14. f3 Rc8 15.
Rac1 O-O 16. Rfd1 Ne5 17. Be3 Nxc4 18. Bxc4 Qxc4 19. Bxb6 d5 20. exd5 Nxd5 21.
Nxd5 Qxd5 22. Qe3 Bg5 23. Qf2 Qxa2 24. f4 Bf6 25. Bd4 Bxd4 26. Qxd4 Qa5 27. Ne3
Rxc1 28. Rxc1 Rd8 29. Qc5 Qxc5 30. Rxc5 Rd2 31. Rc2 Rxc2 32. Nxc2 Kf8 33. Kf2
Ke7 34. g3 Kd6 35. Ke3 Kc5 36. Kd3 f6 37. b4+ Kd6 38. Na3 Bc6 39. Nc4+ Kc7 40.
Kd4 Bb5 41. Ne3 Kd6 42. Ke4 Be2 43. h4 Kc6 44. Kd4 Kb5 45. Kc3 Kc6 46. Kd4 Kd6
47. Ke4 Bh5 48. g4 Bxg4 49. Nxg4 f5+ 50. Kf3 fxg4+ {
Rest der Partie unleserlich! 0:1 nach dem 57. Zug} 0-1

[Event "7th European Individual Senior Champion."]
[Site "Hockenheim, Germany"]
[Date "2007.06.03"]
[Round "2.28"]
[White "Sorensen, Bent"]
[Black "Stadt, Hans"]
[Result "1-0"]
[WhiteElo "2258"]
[BlackElo "2050"]
[PlyCount "61"]
[EventDate "2007.??.??"]

1. Nf3 Nf6 2. g3 g6 3. Bg2 c5 4. c4 Bg7 5. O-O O-O 6. Nc3 Nc6 7. a3 d6 8. Rb1
Bf5 9. d3 Qd7 10. Re1 Bh3 11. Bh1 h6 12. b4 Rad8 13. Bd2 e5 14. Nd5 Nxd5 15.
cxd5 Ne7 16. Qb3 b6 17. bxc5 dxc5 18. e4 Nc8 19. Bc3 Rde8 20. a4 Qd6 21. Nd2
Bd7 22. Bf3 Kh7 23. Bd1 f5 24. Nc4 Qf6 25. Qb2 Qe7 26. exf5 Bxf5 27. Nxe5 Qd6
28. Bb3 Ne7 29. Nc4 Qxd5 30. Bxg7 Rf7 31. Ne3 1-0

[Event "7th European Individual Senior Champion."]
[Site "Hockenheim, Germany"]
[Date "2007.06.03"]
[Round "2.29"]
[White "Erenska-Barlo, Hanna"]
[Black "Schuler, Georg"]
[Result "1-0"]
[WhiteElo "2246"]
[BlackElo "1992"]
[PlyCount "46"]
[EventDate "2007.??.??"]

1. e4 c5 2. c3 d5 3. exd5 Qxd5 4. d4 Nf6 5. Nf3 g6 6. Be2 Bg7 7. c4 Qd6 8. O-O
cxd4 9. Nxd4 a6 10. Nc3 O-O 11. Be3 Nc6 12. c5 Qc7 13. Nxc6 bxc6 14. Qc1 Be6
15. Na4 Nd5 16. Bh6 Qa5 17. Bxg7 Kxg7 18. b3 Qb4 19. Bc4 Qb7 20. Re1 Qc7 21.
Qb2+ Kg8 22. g3 Bh3 23. Qe2 Ra7 {rest der partie unleserlich} 1-0

[Event "7th European Individual Senior Champion."]
[Site "Hockenheim, Germany"]
[Date "2007.06.03"]
[Round "2.30"]
[White "Ziltener Werner"]
[Black "Bogorads, Mihails"]
[Result "1-0"]
[WhiteElo "2075"]
[BlackElo "2245"]
[PlyCount "93"]
[EventDate "2007.??.??"]

1. Nf3 c5 2. d4 cxd4 3. Nxd4 g6 4. g3 Bg7 5. Bg2 Nc6 6. Nb3 h5 7. h4 Nh6 8. c4
a5 9. Nc3 a4 10. Nd2 a3 11. Qc2 Nf5 12. e3 Nb4 13. Qb1 O-O 14. O-O Ra6 15. Nde4
axb2 16. Bxb2 Qa5 17. Re1 d6 18. a3 Nc6 19. Nd5 Ne5 20. Bc3 Qa4 21. c5 Rc6 22.
Bd4 dxc5 23. Nxc5 Qc4 24. Rc1 Qe2 25. Qe4 Ng4 26. Rc2 Nxd4 27. Rxe2 Nxe2+ 28.
Kf1 Bxa1 29. Nxe7+ Kg7 30. Nxc6 bxc6 31. Kxe2 Bf5 32. Qb4 Ne5 33. Be4 Bc8 34.
Qb1 Bc3 35. Qc1 Ba5 36. Qb2 f6 37. f4 Bg4+ 38. Kf2 Nc4 39. Qb7+ Rf7 40. Qa6
Nxe3 41. Qxa5 Nd5 42. Qd2 Ra7 43. a4 Re7 44. a5 f5 45. Bxd5 cxd5 46. a6 Kh6 47.
Qa2 1-0

[Event "7th European Individual Senior Champion."]
[Site "Hockenheim, Germany"]
[Date "2007.06.03"]
[Round "2.31"]
[White "Kuznetsova, Luba"]
[Black "Ljuboschitz, Alexander"]
[Result "1/2-1/2"]
[WhiteElo "2064"]
[BlackElo "2234"]
[PlyCount "59"]
[EventDate "2007.??.??"]

1. Nf3 g6 2. g3 Bg7 3. d4 Nf6 4. Bg2 O-O 5. O-O d6 6. c4 Nbd7 7. Nc3 e5 8. e4
exd4 9. Nxd4 Re8 10. Be3 Nc5 11. f3 Nfd7 12. Qd2 Ne5 13. b3 c6 14. Rad1 Qe7 15.
Nc2 Bf8 16. Bxc5 dxc5 17. h3 f6 18. f4 Nf7 19. Kh2 Be6 20. Rf3 Bh6 21. Qf2 Rad8
22. Rfd3 Bc8 23. Na4 Bf8 24. Ne1 b6 25. Nc3 Rxd3 26. Rxd3 Rd8 27. Qd2 Rxd3 28.
Qxd3 Nd8 29. Nf3 Nf7 30. Kg1 1/2-1/2

[Event "7th European Individual Senior Champion."]
[Site "Hockenheim, Germany"]
[Date "2007.06.03"]
[Round "2.32"]
[White "Fomina, Tatyana"]
[Black "Giacomelli, Bernd"]
[Result "1-0"]
[WhiteElo "2231"]
[BlackElo "1957"]
[PlyCount "45"]
[EventDate "2007.??.??"]

1. e4 e6 2. Nf3 c5 3. Nc3 d5 4. exd5 exd5 5. Bb5+ Nc6 6. Qe2+ Nge7 7. O-O a6 8.
Bxc6+ bxc6 9. d4 Bg4 10. dxc5 f6 11. Re1 Qd7 12. h3 Bxf3 13. Qxf3 Kf7 14. Na4
Rd8 15. Nb6 Qb7 16. Qe2 g6 17. Qe6+ Kg7 18. g4 d4 19. g5 Ng8 20. gxf6+ Nxf6 21.
Bh6+ Kxh6 22. Qxf6 Bxc5 23. Re4 1-0

[Event "7th European Individual Senior Champion."]
[Site "Hockenheim, Germany"]
[Date "2007.06.03"]
[Round "2.34"]
[White "Hvenekilde, Jorgen"]
[Black "Schaefer, Gustav"]
[Result "1-0"]
[WhiteElo "2221"]
[BlackElo "1844"]
[PlyCount "69"]
[EventDate "2007.??.??"]

1. d4 Nf6 2. c4 g6 3. Nc3 Bg7 4. e4 d6 5. Nf3 O-O 6. Be2 e5 7. O-O Nc6 8. d5
Ne7 9. Ne1 Nd7 10. Nd3 f5 11. Bd2 Nf6 12. f3 Kh8 13. c5 c6 14. cxd6 Qxd6 15.
Be3 b6 16. f4 Nxe4 17. fxe5 Nxc3 18. exd6 Nxd1 19. dxe7 Nxe3 20. exf8=Q+ Bxf8
21. Rfc1 Nxd5 22. Rxc6 Ba6 23. Bf3 Bxd3 24. Bxd5 Bc5+ 25. Rxc5 Rd8 26. Rc3 Rxd5
27. Rd1 Be4 28. Rxd5 Bxd5 29. Rc8+ Bg8 30. Ra8 a5 31. a3 Kg7 32. Rb8 a4 33.
Rxb6 Bb3 34. Rxb3 axb3 35. Kf2 1-0

[Event "7th European Individual Senior Champion."]
[Site "Hockenheim, Germany"]
[Date "2007.06.03"]
[Round "2.35"]
[White "Ortega Morales, Pedro"]
[Black "Khroulkov, German"]
[Result "0-1"]
[WhiteElo "1959"]
[BlackElo "2215"]
[PlyCount "46"]
[EventDate "2007.??.??"]

1. d4 Nf6 2. Bf4 d5 3. e3 e6 4. Nf3 Bd6 5. Nbd2 Bxf4 6. exf4 c5 7. c3 cxd4 8.
Nxd4 O-O 9. Bd3 Nbd7 10. N2f3 Nc5 11. Bc2 Qb6 12. Rb1 Qa6 13. a4 Bd7 14. Ra1
Rac8 15. Qe2 Qb6 16. O-O g6 17. Rfb1 Nce4 18. Ne5 Be8 19. f3 Nd6 20. Bd3 a6 21.
Kh1 Kh8 22. g3 Nf5 23. Nxf5 gxf5 0-1

[Event "7th European Individual Senior Champion."]
[Site "Hockenheim, Germany"]
[Date "2007.06.03"]
[Round "2.36"]
[White "Jadrijevic, Ante"]
[Black "Lapitskaya, Galina"]
[Result "1-0"]
[WhiteElo "2213"]
[BlackElo "1401"]
[PlyCount "63"]
[EventDate "2007.??.??"]

1. d4 Nf6 2. c3 e6 3. Bg5 Be7 4. Nd2 b6 5. e4 Bb7 6. Bd3 d6 7. h3 Nbd7 8. Ngf3
c5 9. O-O h6 10. Be3 a5 11. Qe2 Qc8 12. Bf4 Ba6 13. Rfe1 O-O 14. c4 cxd4 15.
Nxd4 e5 16. Nf5 Qd8 17. Be3 Nc5 18. Bc2 Bb7 19. Qf3 Kh7 20. g4 Ng8 21. Rad1 g6
22. Nxe7 Qxe7 23. Nf1 Qe6 24. b3 f5 25. gxf5 Rxf5 26. exf5 Bxf3 27. fxe6 Bxd1
28. Rxd1 Rd8 29. Ng3 Ne7 30. Ne4 Nf5 31. Nxc5 bxc5 32. Bxf5 1-0

[Event "7th European Individual Senior Champion."]
[Site "Hockenheim, Germany"]
[Date "2007.06.03"]
[Round "2.37"]
[White "Butnorius, Algimantas"]
[Black "Benito Alba, Eladio"]
[Result "1-0"]
[WhiteElo "2402"]
[BlackElo "1881"]
[PlyCount "71"]
[EventDate "2007.??.??"]

1. d4 Nf6 2. c4 e6 3. Nf3 b6 4. g3 Bb7 5. Bg2 Be7 6. Nc3 O-O 7. Qc2 d6 8. e4
Nbd7 9. O-O e5 10. b3 h6 11. Bb2 Re8 12. Rad1 Qc8 13. Bh3 exd4 14. Nxd4 Bf8 15.
Rfe1 Qd8 16. Nd5 Bxd5 17. cxd5 Ne5 18. f4 Neg4 19. Nc6 Qc8 20. Bg2 h5 21. h3
Nh6 22. Rc1 a5 23. Qd1 Nd7 24. Qxh5 f6 25. Kh2 Nf7 26. h4 Nc5 27. Rcd1 Qa6 28.
Qf3 Nd8 29. Bf1 Qc8 30. Bb5 Nd7 31. Qg4 Nf7 32. Nd4 Rd8 33. Nf5 Kh7 34. h5 Rb8
35. Qg6+ Kg8 36. h6 1-0

[Event "7th European Individual Senior Champion."]
[Site "Hockenheim, Germany"]
[Date "2007.06.03"]
[Round "2.39"]
[White "Thieme, Hans"]
[Black "Kaminik, Aleksandar"]
[Result "0-1"]
[WhiteElo "2055"]
[BlackElo "2314"]
[PlyCount "62"]
[EventDate "2007.??.??"]

1. Nf3 Nf6 2. d4 g6 3. Nbd2 Bg7 4. e4 d6 5. c3 O-O 6. Be2 Nbd7 7. O-O e5 8.
dxe5 dxe5 9. Qc2 Nh5 10. Rd1 Qe7 11. Bf1 Nc5 12. g3 f5 13. Bg2 f4 14. b3 a5 15.
a4 b6 16. Ba3 Be6 17. b4 axb4 18. Bxb4 g5 19. Ra3 Rf7 20. Nb3 Raf8 21. g4 Bxg4
22. a5 Be6 23. a6 g4 24. a7 gxf3 25. Bxf3 Ra8 26. Bxc5 bxc5 27. Bxh5 Qg5+ 28.
Kh1 Qxh5 29. Qd3 Bg4 30. Qd8+ Rf8 31. Qd5+ Kh8 0-1

[Event "7th European Individual Senior Champion."]
[Site "Hockenheim, Germany"]
[Date "2007.06.03"]
[Round "2.40"]
[White "Bofinger, Juergen"]
[Black "Karl, Hans"]
[Result "1/2-1/2"]
[WhiteElo "1948"]
[BlackElo "2251"]
[PlyCount "63"]
[EventDate "2007.??.??"]

1. d4 Nf6 2. Nf3 g6 3. g3 Bg7 4. Bg2 O-O 5. O-O d6 6. c4 c6 7. Nc3 Bg4 8. h3
Bxf3 9. Bxf3 Nbd7 10. Rb1 e5 11. e3 Qe7 12. d5 e4 13. dxc6 bxc6 14. Bg2 Rfe8
15. b3 Rad8 16. Ba3 Nb6 17. Qc2 Qe6 18. Ne2 d5 19. Nd4 Qd7 20. c5 Na8 21. Bb4
Rb8 22. Ba5 Nc7 23. Bxc7 Qxc7 24. b4 Nd7 25. Rfe1 Ne5 26. Bf1 Nf3+ 27. Nxf3
exf3 28. Rb3 a5 29. a3 axb4 30. axb4 h5 31. Qd1 h4 32. g4 1/2-1/2

[Event "7th European Individual Senior Champion."]
[Site "Hockenheim, Germany"]
[Date "2007.06.03"]
[Round "2.41"]
[White "De Laubadere, Philippe"]
[Black "Zhelesny, Stanislav"]
[Result "0-1"]
[WhiteElo "2003"]
[BlackElo "2222"]
[PlyCount "54"]
[EventDate "2007.??.??"]

1. d4 Nf6 2. c4 g6 3. Nc3 d5 4. Bf4 c6 5. e3 Bg7 6. Nf3 O-O 7. Qb3 e6 8. Be2
dxc4 9. Bxc4 Nbd7 10. O-O Nb6 11. Be2 Nbd5 12. Bg3 Qb6 13. Nxd5 exd5 14. Qxb6
axb6 15. a4 Bf5 16. Rfc1 Rfc8 17. Be5 Nd7 18. Bxg7 Kxg7 19. Bf1 Ra7 20. Ra3
Rca8 21. Rca1 h6 22. Ne1 Nb8 23. Bd3 Be6 24. Nc2 c5 25. Ne1 c4 26. Be2 Nc6 27.
Bd1 Bf5 {rest der partie unleserlich} 0-1

[Event "7th European Individual Senior Champion."]
[Site "Hockenheim, Germany"]
[Date "2007.06.03"]
[Round "2.42"]
[White "Diaz Begonte, Manuel"]
[Black "Striebich, Rudolf"]
[Result "0-1"]
[WhiteElo "1865"]
[BlackElo "2187"]
[PlyCount "120"]
[EventDate "2007.??.??"]

1. e4 c5 2. d4 cxd4 3. c3 d3 4. Bxd3 d6 5. Be3 Nf6 6. Nf3 e6 7. O-O Be7 8. Qe2
Qc7 9. h3 a6 10. a4 b6 11. Na3 Nbd7 12. Nc4 Bb7 13. Ncd2 O-O 14. c4 Nc5 15. b4
Ncxe4 16. Nxe4 Bxe4 17. Bxe4 Nxe4 18. Bxb6 Qxb6 19. Qxe4 Qxb4 20. Rfb1 Qc5 21.
Rb7 Bf6 22. Rd1 Rac8 23. Rd7 Qxc4 24. Qxc4 Rxc4 25. R1xd6 Rxa4 26. Ra7 a5 27.
Rda6 Ra1+ 28. Kh2 Bc3 29. Rc7 Bb4 30. Rb7 Rd1 31. g4 h6 32. Kg2 Rd5 33. Raa7
Bc3 34. Rc7 Bf6 35. Ra6 e5 36. Rca7 e4 37. Nh2 e3 38. fxe3 Rd2+ 39. Kg1 Re2 40.
Nf1 Bc3 41. Re7 Bb4 42. Rd7 Be1 43. Re7 Ra2 44. Rea7 Bb4 45. Rc7 Re2 46. Rd7
Be1 47. Re7 Bh4 48. Rea7 Bf2+ 49. Kg2 Bxe3+ 50. Kf3 Rf2+ 51. Kxe3 Rxf1 52. h4
Re8+ 53. Kd2 Rf4 54. g5 Rd4+ 55. Kc3 Rxh4 56. g6 Rf8 57. gxf7+ Rxf7 58. Ra8+
Kh7 59. Rxa5 Rd7 60. Re5 Rhd4 0-1

[Event "7th European Individual Senior Champion."]
[Site "Hockenheim, Germany"]
[Date "2007.06.03"]
[Round "2.43"]
[White "Amrehn, Fred"]
[Black "Dotan, Valeria"]
[Result "1-0"]
[WhiteElo "2185"]
[BlackElo "2075"]
[PlyCount "75"]
[EventDate "2007.??.??"]

1. d4 Nf6 2. Nf3 e6 3. e3 b6 4. Bd3 Bb7 5. O-O c5 6. c4 Be7 7. Nc3 O-O 8. Qe2
d5 9. Rd1 Nbd7 10. cxd5 exd5 11. b3 Ne4 12. Bb2 Bf6 13. Rac1 Rc8 14. Ba6 Nxc3
15. Bxc3 Bxa6 16. Qxa6 Rc7 17. dxc5 Nxc5 18. Qb5 Bxc3 19. Rxc3 Qf6 20. Rdc1 a6
21. Qe2 a5 22. a3 Rd7 23. Qb5 Rfd8 24. R3c2 h6 25. h3 Rd6 26. Rd1 g6 27. Nd4
Kg7 28. b4 axb4 29. axb4 Ne4 30. Ra1 Qg5 31. Ra7 Rf6 32. Rcc7 Qe5 33. Re7 Qd6
34. f4 Kf8 35. Red7 Qb8 36. Qxd5 Rxd7 37. Rxd7 Nd6 38. Nc6 1-0

[Event "7th European Individual Senior Champion."]
[Site "Hockenheim, Germany"]
[Date "2007.06.03"]
[Round "2.44"]
[White "Woisetschlaeger, Adolf"]
[Black "Siegmund, Rainer"]
[Result "0-1"]
[WhiteElo "1892"]
[BlackElo "2179"]
[PlyCount "63"]
[EventDate "2007.??.??"]

1. c4 c5 2. g3 Nc6 3. Bg2 g6 4. Nf3 e5 5. Nc3 Bg7 6. O-O Nge7 7. d3 d6 8. Bd2
O-O 9. a3 h6 10. Rb1 a5 11. e3 Be6 12. Ne1 d5 13. cxd5 Nxd5 14. Qc2 b6 15. Nxd5
Bxd5 16. Bxd5 Qxd5 17. Qc4 Qxc4 18. dxc4 Rfd8 19. Bc3 e4 20. Bxg7 Kxg7 21. Ng2
Ne5 22. b3 Nf3+ 23. Kh1 Nd2 24. Nf4 Nxf1 25. Rxf1 Rd2 26. Nd5 Rb8 27. b4 axb4
28. axb4 Rc2 29. bxc5 bxc5 30. g4 Rxc4 31. f3 exf3 32. Rxf3 0-1